Score 0/30 Timer 04:00
2 Plays Today
Novel Missing Word % Correct
The Catcher in the ___Rye
96.7%
The ___ of the MohicansLast
93.1%
The ___ for Red OctoberHunt
90.4%
The Red ___ of CourageBadge
84.3%
The ___ of the BaskervillesHound
78.8%
Where the ___ Fern GrowsRed
75%
Stranger in a ___ LandStrange
74.8%
And Then There Were ___None
71.3%
Have Space Suit, ___ TravelWill
71.1%
The Indian in the ___Cupboard
64.7%
The ___ Always Rings TwicePostman
60.3%
Island of the ___ DolphinsBlue
56.2%
The ___ and the FurySound
55.3%
Something ___ This Way ComesWicked
55.1%
Their Eyes Were Watching ___God
52.5%
Novel Missing Word % Correct
One Hundred Years of ___Solitude
47.6%
___ Comes for the ArchbishopDeath
38%
The Haunting of Hill ___House
33.6%
A ___ for Owen MeanyPrayer
32.4%
The Left ___ of DarknessHand
27.2%
The Confessions of ___ TurnerNat
26%
The ___ of the TriffidsDay
25%
The ___ of the RoseName
25%
The ___ of Blackbird PondWitch
21.8%
The ___ of Edwin DroodMystery
19.9%
The Crying of ___ 49Lot
16.2%
The Murder of ___ AckroydRoger
14.8%
The ___ of the DoveWings
14.5%
The Adventures of ___ MarchAugie
10.7%
The ___ of Willoughby ChaseWolves
6.9%

Today's Daily Dose

You're not logged in!

Compare scores with friends on all Sporcle quizzes.
OR
Log In

Sporcle TV

Today on Sporcle TV


Watch our educational content, quiz creation guides, and fun videos on Sporcle TV.

Show Comments

Extras

Top Quizzes Today


Score Distribution

Paid Content

Your Account Isn't Verified!

In order to create a playlist on Sporcle, you need to verify the email address you used during registration. Go to your Sporcle Settings to finish the process.

Report this User

Report this user for behavior that violates our Community Guidelines.

Details: